| 000 | 00642nam a2200205 a 4500 | ||
|---|---|---|---|
| 999 |
_c3106 _d3106 |
||
| 001 | 3106 | ||
| 003 | BD-JhCC | ||
| 005 | 20171109203239.0 | ||
| 008 | 171109s1964 bg ||||| |||| 000 0 ben d | ||
| 035 | _a(BD-JhCC) | ||
| 040 |
_aBD-JhCC _dBD-JhCC |
||
| 041 | _aben | ||
| 082 |
_a891.442 _bWAL 1964 |
||
| 100 | _aওয়ালীউল্লাহ, সৈয়দ | ||
| 245 |
_aসুড়ঙ্গ / _cসৈয়দ ওয়ালীউল্লাহ |
||
| 260 |
_aঢাকা : _bবাঙলা একাডেমী ; _c১৯৬৪ |
||
| 300 |
_a৩৬ পৃ.; _c২২ সেমি |
||
| 650 | _aBengali Drama | ||
| 942 |
_2ddc _cBK |
||